000 00595nam a2200181 a 4500
005 20140412111231.0
008 001111s19uu xx 00 eng d
020 _a0-395-48659-9
050 _aTR(PS E
_bCu-Vi 1988
245 _aCurious George visits an amusements park /
_cEdited by Margaret Rey and Alan J. Shalleck.
260 _aBoston :
_bHoughton Mifflin, 1987,
_c1988.
300 _a32 p. ; col.; ill.
440 _aCurious George
500 _aAdapted from the Curious George film series
650 _aAmusements parks -- Fiction
650 _aMonkeys -- Stories
999 _c102185
_d102185